[Event "AUT-ch"]
[Site "Feldkirch"]
[Date "2013.07.24"]
[Round "5"]
[White "Ager, Josef"]
[Black "Forster, Reinhard"]
[Result "1/2-1/2"]
[WhiteElo "2176"]
[BlackElo "2077"]
[PlyCount "60"]
[EventDate "2013.07.20"]
[EventType "swiss"]
[EventRounds "9"]
[EventCountry "AUT"]
[SourceTitle "CBM 155 Extra"]
[Source "ChessBase"]
[SourceDate "2013.08.26"]
[SourceVersion "1"]
[SourceVersionDate "2013.08.26"]
[SourceQuality "1"]

1. c4 Nf6 2. g3 c6 3. Bg2 d5 4. b3 Bf5 5. Nf3 h6 6. 0-0 Nbd7 7. Bb2 e6 8. d3 Be7 9. Nc3 0-0 10. Re1 Qa5 11. e4 dxe4 12. dxe4 Bg4 13. h3 Bxf3 14. Qxf3 Ne5 15. Qe2 Rfd8 16. Red1 Rxd1+ 17. Rxd1 Rd8 18. Rxd8+ Qxd8 19. Kh2 Nd3 20. Ba1 Bc5 21. e5 Bxf2 22. exf6 Bxg3+ 23. Kg1 Qd4+ 24. Kf1 Bh2 25. Qf3 Nf4 26. Ke1 Nd3+ 27. Ke2 Nf4+ 28. Ke1 Nd3+ 29. Ke2 Nc1+ 30. Ke1 Nd3+ 1/2-1/2

[Event "AUT-ch"]
[Site "Feldkirch"]
[Date "2013.07.20"]
[Round "1"]
[White "Forster, Reinhard"]
[Black "Kessler, Luca"]
[Result "0-1"]
[WhiteElo "2077"]
[BlackElo "2280"]
[PlyCount "114"]
[EventDate "2013.07.20"]
[EventType "swiss"]
[EventRounds "9"]
[EventCountry "AUT"]
[SourceTitle "CBM 155 Extra"]
[Source "ChessBase"]
[SourceDate "2013.08.26"]
[SourceVersion "1"]
[SourceVersionDate "2013.08.26"]
[SourceQuality "1"]

1. e4 d6 2. d4 Nf6 3. Nc3 g6 4. Nf3 Bg7 5. Bc4 0-0 6. 0-0 Nxe4 7. Nxe4 d5 8. Ned2 dxc4 9. Nxc4 b6 10. Re1 Nd7 11. c3 Bb7 12. Bf4 Nf6 13. Nce5 e6 14. Qa4 a6 15. Rad1 b5 16. Qc2 Qe7 17. b3 c5 18. Bg5 Rfd8 19. c4 bxc4 20. Qxc4 cxd4 21. Rxd4 Bd5 22. Qd3 h6 23. Bh4 g5 24. Bg3 Nh5 25. Ra4 Nxg3 26. hxg3 Qb7 27. Qe2 Qb6 28. Nc4 Qc7 29. Nfe5 Rdc8 30. Qe3 Rcb8 31. Ra5 Rb5 32. Ra4 a5 33. Re2 Bf8 34. Qd3 Rc5 35. Qd2 Rb5 36. Qd3 Rc5 37. Qd2 Bg7 38. Nd3 Rb5 39. Nce5 Rc8 40. Kh2 Qc3 41. Qe3 Rd8 42. Qa7 f6 43. Qf7+ Kh8 44. Ng6+ Kh7 45. Re3 e5 46. Qe7 Qc8 47. Nh4 Rd7 48. Qa3 gxh4 49. Rxh4 Qc2 50. Qa4 Qc6 51. Qg4 Be6 52. Qe2 Bf5 53. g4 Bg6 54. Reh3 Qe4 55. Re3 Qd5 56. Ne1 Rb4 57. Reh3 Re4 0-1

[Event "AUT-chT3 9798"]
[Site "Vorarlberg "]
[Date "1997.10.31"]
[Round "3"]
[White "Maux, Martin"]
[Black "Forster, Reinhard"]
[Result "1/2-1/2"]
[WhiteElo "1875"]
[BlackElo "1950"]
[PlyCount "54"]
[EventDate "1997.??.??"]
[EventType "team-tourn"]
[EventRounds "9"]
[EventCountry "AUT"]
[SourceTitle "EXT 1999"]
[Source "ChessBase"]
[SourceDate "1998.11.16"]
[SourceVersion "1"]
[SourceVersionDate "1998.11.16"]
[SourceQuality "1"]

1. d4 Nf6 2. Bf4 g6 3. e3 Bg7 4. Nf3 d6 5. Bd3 Nbd7 6. Nbd2 c5 7. c3 0-0 8. Qc2 Re8 9. 0-0 b6 10. Bg5 Bb7 11. Bxf6 Nxf6 12. dxc5 dxc5 13. Bb5 Rf8 14. Rfd1 Qc7 15. a4 a6 16. Bd3 Rfd8 17. Ne4 Ng4 18. h3 Ne5 19. Nxe5 Qxe5 20. Nd2 Rd7 21. Nc4 Qe6 22. a5 bxa5 23. Nxa5 Rb8 24. Nxb7 Rdxb7 25. Rxa6 Qb3 26. Rd2 Qxc2 27. Rxc2 Rxb2 1/2-1/2

[Event "AUT-chT 9697"]
[Site "Vorarlberg"]
[Date "1997.??.??"]
[Round "?"]
[White "Forster, Reinhard"]
[Black "Dorner, Guenther"]
[Result "1/2-1/2"]
[WhiteElo "1950"]
[BlackElo "2045"]
[PlyCount "47"]
[EventDate "1996.??.??"]
[EventType "team"]
[EventRounds "9"]
[EventCountry "AUT"]
[SourceTitle "EXT 1999"]
[Source "ChessBase"]
[SourceDate "1998.11.16"]
[SourceVersion "1"]
[SourceVersionDate "1998.11.16"]
[SourceQuality "1"]

1. c4 e6 2. Nc3 d5 3. cxd5 exd5 4. d4 Be7 5. Nf3 Nf6 6. Bg5 h6 7. Bxf6 Bxf6 8. e3 0-0 9. Rc1 c6 10. Be2 Re8 11. 0-0 a5 12. a3 b5 13. Ne1 Ba6 14. Nd3 Nd7 15. Bg4 Bc8 16. Ne2 Nb6 17. Bxc8 Rxc8 18. b3 a4 19. bxa4 Nxa4 20. Nc3 Nb6 21. a4 bxa4 22. Nxa4 Nc4 23. Nac5 Qe7 24. Re1 1/2-1/2

[Event "AUT-chT 9596"]
[Site "Vorarlberg"]
[Date "1996.??.??"]
[Round "5"]
[White "Stein, Michael"]
[Black "Forster, Reinhard"]
[Result "1/2-1/2"]
[WhiteElo "1810"]
[BlackElo "1985"]
[PlyCount "66"]
[EventDate "1995.??.??"]
[EventType "team"]
[EventRounds "9"]
[EventCountry "AUT"]
[SourceTitle "EXT 1999"]
[Source "ChessBase"]
[SourceDate "1998.11.16"]
[SourceVersion "1"]
[SourceVersionDate "1998.11.16"]
[SourceQuality "1"]

1. e4 c5 2. Nf3 Nc6 3. d4 cxd4 4. Nxd4 g6 5. Nc3 Bg7 6. Be3 d6 7. Bc4 Nf6 8. f3 Qa5 9. Qd2 Qb4 10. Bb3 Nxd4 11. Qxd4 Qxd4 12. Bxd4 0-0 13. Nb5 Bd7 14. Nc3 a6 15. 0-0-0 Rac8 16. Rhe1 Rfe8 17. Nd5 Nxd5 18. Bxd5 Bxd4 19. Rxd4 Rc7 20. Rc4 Rec8 21. Rxc7 Rxc7 22. Re3 Kf8 23. Kd2 e6 24. Bb3 Ke7 25. Rc3 Rxc3 26. Kxc3 Bc6 27. Kd4 g5 28. g3 f6 29. c4 b6 30. Bc2 a5 31. a3 h6 32. b4 axb4 33. axb4 e5+ 1/2-1/2

[Event "AUT-chT 9596"]
[Site "Vorarlberg"]
[Date "1995.??.??"]
[Round "5"]
[White "Forster, Reinhard"]
[Black "Mrsic, Robert"]
[Result "1/2-1/2"]
[WhiteElo "1970"]
[BlackElo "1905"]
[PlyCount "45"]
[EventDate "1995.??.??"]
[EventType "team"]
[EventRounds "9"]
[EventCountry "AUT"]
[SourceTitle "EXT 1999"]
[Source "ChessBase"]
[SourceDate "1998.11.16"]
[SourceVersion "1"]
[SourceVersionDate "1998.11.16"]
[SourceQuality "1"]

1. e4 d6 2. d4 Nf6 3. Nc3 g6 4. Nf3 Bg7 5. Bc4 0-0 6. 0-0 c6 7. a4 Bg4 8. Be3 Nbd7 9. Be2 Bxf3 10. Bxf3 Qc7 11. Be2 e5 12. dxe5 dxe5 13. Bc4 Rfe8 14. Qe2 Nf8 15. f3 Ne6 16. Bxe6 Rxe6 17. Qc4 Ne8 18. Rad1 Bf8 19. Rf2 Rd6 20. Rfd2 Rad8 21. Rxd6 Rxd6 22. Rxd6 Bxd6 23. b3 1/2-1/2

[Event "AUT-chT2W 9495"]
[Site "Austria"]
[Date "1995.??.??"]
[Round "?.4"]
[White "Studer, Kurt"]
[Black "Forster, Reinhard"]
[Result "0-1"]
[WhiteElo "1760"]
[BlackElo "1945"]
[PlyCount "114"]
[EventDate "1994.??.??"]
[EventType "team"]
[EventRounds "9"]
[EventCountry "AUT"]
[SourceTitle "EXT 1999"]
[Source "ChessBase"]
[SourceDate "1998.11.16"]
[SourceVersion "1"]
[SourceVersionDate "1998.11.16"]
[SourceQuality "1"]

1. d4 Nf6 2. c4 g6 3. Nc3 Bg7 4. e4 d6 5. f4 0-0 6. Nf3 c5 7. d5 e5 8. fxe5 dxe5 9. Bg5 h6 10. Bh4 Nbd7 11. Bd3 a6 12. 0-0 g5 13. Bf2 Ne8 14. Qd2 Nd6 15. a4 b6 16. b3 Rb8 17. Ne2 f5 18. Ng3 f4 19. Nf5 Rxf5 20. exf5 e4 21. Rfe1 exf3 22. gxf3 Ne5 23. Kg2 a5 24. Bc2 Qf6 25. Re2 Bxf5 26. Bxf5 Qxf5 27. Qc2 Qxc2 28. Rxc2 Re8 29. Re1 Kf7 30. h4 Bf6 31. hxg5 hxg5 32. Rh1 Rh8 33. Rxh8 Bxh8 34. Be1 Nf5 35. Bf2 Bf6 36. Rc1 Nd3 37. Rh1 Nxf2 38. Kxf2 Kg6 39. Rd1 Bd4+ 40. Ke2 Be3 41. Kd3 Kf6 42. Rh1 Nh4 43. Ke4 Bd4 44. Rh2 Be5 45. Rh3 Bd6 46. Rh1 Kg6 47. Rh3 Kh5 48. Rh1 Kg6 49. Rh3 Kh6 50. Kd3 Kh5 51. Ke2 g4 52. fxg4+ Kxg4 53. Rd3 f3+ 54. Kf2 Bg3+ 55. Kf1 Nf5 56. Kg1 Kf4 57. d6 f2+ 0-1

[Event "AUT-chT2W 9495"]
[Site "Austria"]
[Date "1994.??.??"]
[Round "?.4"]
[White "Forster, Reinhard"]
[Black "Frick, Renato"]
[Result "1/2-1/2"]
[WhiteElo "1960"]
[BlackElo "2055"]
[PlyCount "87"]
[EventDate "1994.??.??"]
[EventType "team"]
[EventRounds "9"]
[EventCountry "AUT"]
[SourceTitle "EXT 1999"]
[Source "ChessBase"]
[SourceDate "1998.11.16"]
[SourceVersion "1"]
[SourceVersionDate "1998.11.16"]
[SourceQuality "1"]

1. e4 e6 2. d4 d5 3. exd5 exd5 4. Bd3 Bd6 5. c3 Nf6 6. Nf3 0-0 7. 0-0 h6 8. h3 c5 9. dxc5 Bxc5 10. Nbd2 Nc6 11. Nb3 Bb6 12. Nbd4 Bd7 13. Be3 Ne4 14. Nxc6 bxc6 15. Bxb6 axb6 16. Ne5 Nc5 17. Bc2 Qc7 18. Qh5 Qd6 19. Rfe1 Rae8 20. Nxd7 Nxd7 21. Qh4 Re5 22. f3 Rfe8 23. Kf1 Qc5 24. a4 f6 25. Qd4 Qd6 26. f4 R5e7 27. Rxe7 Qxe7 28. Qf2 Kf7 29. Re1 Qxe1+ 30. Qxe1 Rxe1+ 31. Kxe1 Ke6 32. Ke2 g5 33. g4 Nc5 34. Ke3 Kd6 35. f5 Ke5 36. b4 Nb7 37. Bd3 c5 38. Ba6 d4+ 39. cxd4+ cxd4+ 40. Kf3 Nd6 41. Bd3 Nb7 42. Be4 Nd6 43. Bd3 Nb7 44. Be4 1/2-1/2